La educación por el movimiento en la edad escolar
Gespeichert in:
| 1. Verfasser: | |
|---|---|
| Format: | Buch |
| Sprache: | Spanisch |
| Veröffentlicht: |
Buenos Aires
Paidós
1969
|
| Schriftenreihe: | Biblioteca de educación física. Sección fundamentos, 2
|
| Schlagworte: | |
| Tags: |
Tag hinzufügen
Keine Tags, Fügen Sie den ersten Tag hinzu!
|
MARC
| LEADER | 00000nam a2200000 a 4500 | ||
|---|---|---|---|
| 001 | UCZ0661 | ||
| 003 | CL-VaPUC | ||
| 008 | 950809e19690000AG |||||||||||||||||spa|d | ||
| 082 | 0 | 4 | |a 152.3 |b LEB |2 21 |
| 100 | |a Le Boulch, Jean |e author |9 406718 | ||
| 245 | 1 | 3 | |a La educación por el movimiento en la edad escolar |
| 300 | |a 284 p | ||
| 942 | |c BK | ||
| 945 | |d 19950809 00:00:00 |a mfernand | ||
| 260 | |a Buenos Aires |b Paidós |c 1969 | ||
| 650 | 7 | |a EDUCACION PSICOMOTRIZ |2 CL-VaPUC |9 307559 | |
| 650 | 7 | |a PSICOMOTRICIDAD |2 CL-VaPUC |9 241072 | |
| 650 | 7 | |a EJERCICIO |2 CL-VaPUC |9 310040 | |
| 650 | 7 | |a POSTURA CORPORAL |2 CL-VaPUC |9 307409 | |
| 650 | 0 | |a Percepción |9 266750 | |
| 650 | 0 | |a Actividades sensoriomotrices |9 335908 | |
| 650 | 7 | |a JUEGO METODO DE ENSEÑANZA |2 CL-VaPUC |9 338389 | |
| 583 | |a last modification |c 19950809 00:00:00 |k Rodrigo Vera | ||
| 490 | 0 | |a Biblioteca de educación física. Sección fundamentos, 2 | |
| 999 | |c 237573 |d 237571 | ||
| 952 | |0 0 |1 0 |4 0 |6 152_300000000000000_LEB_1969 |7 0 |8 P |9 246901 |a BIBEDU |b BIBEDU |c BIBEDU_PB |d 2019-11-18 |i 1553666 |o 152.3 LEB 1969 |p 1553666 |r 2024-01-25 |w 2019-11-18 |y BK |k EDU | ||
| 952 | |0 0 |1 0 |4 0 |6 152_300000000000000_LEB_1969 |7 0 |8 P |9 246902 |a BIBEDU |b BIBEDU |c BIBEDU_PB |d 2019-11-18 |i 1553674 |o 152.3 LEB 1969 |p 1553674 |r 2024-01-25 |w 2019-11-18 |y BK |k EDU | ||
| 952 | |0 0 |1 0 |4 0 |6 152_300000000000000_LEB_1969 |7 0 |8 P |9 246903 |a BIBEDU |b BIBEDU |c BIBEDU_PB |d 2019-11-18 |i 1553682 |o 152.3 LEB 1969 |p 1553682 |r 2024-01-25 |w 2019-11-18 |y BK |k EDU | ||